| 000 -NÁVESTIE |
| fixed length control field |
01048cam a2200325 a 4500 |
| 001 - EVIDENČNÉ ČÍSLO ZÁZNAMU - Kontrolné číslo |
| control field |
vtls011605211 |
| 005 - DÁTUM A ČAS POSLEDNEJ TRANSAKCIE |
| control field |
20220131080759.0 |
| 008 - ÚDAJE S PEVNOU DĹŽKOU – VŠEOBECNÉ INFORMÁCIE |
| fixed length control field |
201207s2017 xo g 000 f slo |
| 020 ## - MEDZINÁRODNÉ ŠTANDARDNÉ ČÍSLO KNIHY (ISBN) |
| Medzinárodné štandardné číslo knihy (ISBN) |
9788055152301 |
| Qualifying information |
(viaz.) |
| 035 ## - Iný štandardný identifikátor |
| Iný štandardný identifikátor |
7F927EA6-42F7-4B86-ADE5-C8AE306FF005 |
| 035 ## - Iný štandardný identifikátor |
| Iný štandardný identifikátor |
urn:nbn:sk:snk-am3ib94 |
| 035 ## - Iný štandardný identifikátor |
| Iný štandardný identifikátor |
urn:nbn:sk:snk-am00e0pv |
| 040 ## - ZDROJ KATALOGIZÁCIE |
| Pôvodná katalogizujúca agentúra |
ZKSE |
| Jazyk katalogizácie |
slo |
| Prepisujúca agentúra |
ZKSE |
| Modifikujúca agentúra |
SNK |
| Konvencie popisu |
AACR2 |
| 041 1# - KÓD JAZYKA |
| Kód jazyka textu/zvukovej stopy alebo samostatných nápisov |
slo |
| Kód jazyka originálu a/alebo sprostredkujúcich prekladov textu |
eng |
| 044 ## - KÓD KRAJINY VYDAVATEĽA/PRODUCENTA |
| Kód krajiny MARC |
xo |
| Kód krajiny ISO |
SK |
| 072 #7 - KÓD PREDMETOVEJ KATEGÓRIE |
| Kód predmetovej kategórie |
821.111(73)-3 |
| Pododdiel kódu predmetovej kategórie |
Americká próza |
| Zdroj |
konspekt |
| 080 ## - ČÍSLO MEDZINÁRODNÉHO DESATINNÉHO TRIEDENIA (MDT) |
| Číslo Medzinárodného desatinného triedenia (MDT) |
821.111(73)-31 |
| Identifikátor vydania |
2011 |
| 100 1# - OSOBNÉ MENÁ – VŠEOBECNÉ INFORMÁCIE |
| Osobné meno |
Chang, Jade |
| -- |
2611 |
| 240 14 - UNIFIKOVANÝ NÁZOV |
| Unifikovaný názov |
The Wangs vs. the world |
| Jazyk diela |
Slovensky |
| 245 10 - NÁZOV |
| Názov |
Wangovci verzus svet |
| Údaj o zodpovednosti atď. |
Jade Changová ; preložila Tamara Chovanová |
| 260 ## - VYDAVATEĽSKÉ ÚDAJE, DISTRIBÚCIA ATĎ. |
| Miesto publikovania, distribúcie atď. |
Bratislava |
| Názov vydavateľa, distibútora atď. |
Ikar |
| Dátum publikovania, distribúcie atď. |
2017 |
| 300 ## - FYZICKÝ POPIS |
| Rozsah |
408 s. |
| Rozmery |
21 cm |
| 500 ## - VŠEOBECNÁ POZNÁMKA |
| Formátovaná poznámka o obsahu |
Preložené z angličtiny |
| 655 #7 - INDEXAČNÝ TERMÍN – ŽÁNER/FORMA |
| Údaje o žánri/forme alebo termín, ktorý je prvok fazety |
americké romány |
| Zdroj termínu |
SNKPH |
| -- |
2 |
| 655 #7 - INDEXAČNÝ TERMÍN – ŽÁNER/FORMA |
| Údaje o žánri/forme alebo termín, ktorý je prvok fazety |
American novels |
| Zdroj termínu |
SNKPHeng |
| -- |
1670 |
| 700 1# - PRIDANÝ VSTUP – OSOBNÉ MENO |
| Osobné meno |
Chovanová, Tamara, |
| Dátumy súvisiace s menom |
1953- |
| Kód roly |
trl |
| -- |
1712 |
| 958 ## - Formálny deskriptor |
| Formálny deskriptor |
LX |
| 958 ## - Formálny deskriptor |
| Formálny deskriptor |
UP |